| 000 | 00448nam a22001697a 4500 | ||
|---|---|---|---|
| 005 | 20240920130416.0 | ||
| 008 | 240918b |||||||| |||| 00| 0 eng d | ||
| 020 | _a978-93-87093-41-6 | ||
| 041 | _aeng | ||
| 082 | _a571.4 | ||
| 100 |
_aSHARMA.DR.K.K AND CHADHA, PROF. HINA _98519 |
||
| 245 | _aREMIDIAL BIOLOGY [ 1.ST SEMESTER] | ||
| 260 |
_aLUCKNOW _bTHAKUR PUBLICATION PVT.LTD |
||
| 300 | _a248;P | ||
| 650 |
_aPHARMACY _xB.PHARMA |
||
| 942 | _cBK | ||
| 999 |
_c8647 _d8645 |
||